000 00312nam a22001337a 4500
008 170601b xxu||||| |||| 00| 0 eng d
020 _a9780691000862
041 _aeng
080 _a94
100 _a17
101 _aSHH
245 _aEGYPT CANAAN AND ISRAEL ANCIENT TIMES
_cREDFORD.D.B
942 _2udc
_cBK
999 _c15252
_d15252